| 000 | 00758nam a22002297a 4500 | ||
|---|---|---|---|
| 999 |
_c10695 _d10695 |
||
| 003 | OSt | ||
| 005 | 20180917144423.0 | ||
| 008 | 180917b ||||| |||| 00| 0 eng d | ||
| 020 | _a978-621-95653-8-7 | ||
| 040 | _cLIC | ||
| 082 |
_22018 _aDFil 302.2 _bA657 |
||
| 100 |
_aAquino, Avelina M. _931207 |
||
| 245 |
_aPurposive communication: _bfor the 21st century learners/ _cAvelina M. Aquino, Algene Malite De Guzman, Ma. Adrianna H. Quioyo. |
||
| 260 |
_aMalabon City: _bJo-Deh Publishing, _c2018. |
||
| 300 | _axi, 347 pages: | ||
| 365 | _b850.00 | ||
| 504 | _aIncludes bibliographical references. | ||
| 650 |
_aCommunication _931208 |
||
| 700 |
_aDe Guzman, Algene Malte _931209 |
||
| 700 |
_aQuioyo, Ma. Adrianna Hernandez _931210 |
||
| 942 |
_2ddc _cDFIL |
||